000 01331cam a2200277 4500
001 ##L131368
002 ##9179
008 051026n2005 000 0 eng u
020 _a0421903104
035 _a(Sirsi) u131368
041 0 _aeng
050 0 4 _a336.22 $2 18
100 1 _aDouglas, Jane
245 0 0 _aProperty transactions
_bstamp duty land tax
260 _aLondon
_bSweet and Maxwell
_c2005
300 _axvi, 395p.
_c22cm.
350 _a79.00
490 0 _aSweet and Maxwell Practitioner Series
505 1 _aWhat is Stamp Duty Land Tax? -- Rates of SDLT -- Acquisition of a freehold -- Grant of new lease -- Assignment of existing lease -- Other transactions involving leases -- Other transactions -- Partnerships and SDLT -- Reliefs and exemptions -- Procedure -- Compliance.
520 _aThis practical guide explains the underlying principles of Stamp Duty Land Tax (SDLT) and provides guidance on its application in both residential and commercial property transactions. It covers the Finance Act 2003 and subsequent changes brought in by the Finance Act 2004 and the 2005 Budget. Contains also all the SDLT forms with assistance on how to complete them.
590 _aIKA170106
650 2 4 _aFINANCE ACT 2003
650 2 4 _aFINANCE ACT 2004
690 _aPROPERTY-PROPERTY TAXATION
942 _n0
999 _c104727
_d104727